Normal view MARC view

Entry Personal Name

Number of records used in: 2

001 - CONTROL NUMBER

  • control field: 1146080

003 - CONTROL NUMBER IDENTIFIER

  • control field: OSt

005 - DATE AND TIME OF LATEST TRANSACTION

  • control field: 20260324113249.0

008 - FIXED-LENGTH DATA ELEMENTS

  • fixed length control field: 260324|| aca||aabn | a|a d

040 ## - CATALOGING SOURCE

  • Original cataloging agency: OSt
  • Transcribing agency: OSt

100 ## - HEADING--PERSONAL NAME

  • Personal name: Hsu-Ming Teo; Paloma Fresno-Calleja

670 ## - SOURCE DATA FOUND

  • Source citation: Work cat.: (OSt)1735635: Hsu-Ming Teo; Paloma Fresno-Calleja, Conflict and Colonialism in 21st Century Romantic Historical Fiction
Copyright @ Delhi University Library System